शिवछत्रपतींच्या चरित्रातील मुद्दे (Record no. 1003295)

MARC details
000 -LEADER
fixed length control field 00748nam a2200181Ia 4500
008 - FIXED-LENGTH DATA ELEMENTS--GENERAL INFORMATION
fixed length control field 151018s9999 xx 000 0 und d
082 ## - DEWEY DECIMAL CLASSIFICATION NUMBER
Item number RBASDV826
Classification number 891.464
100 ## - MAIN ENTRY--PERSONAL NAME
Personal name रा. रा. भागवत
245 ## - TITLE STATEMENT
Title शिवछत्रपतींच्या चरित्रातील मुद्दे
250 ## - EDITION STATEMENT
Remainder of edition statement 1
260 ## - PUBLICATION, DISTRIBUTION, ETC. (IMPRINT)
Name of publisher, distributor, etc आर्यभूषण प्रेस
Date of publication, distribution, etc 1893
300 ## - PHYSICAL DESCRIPTION
Extent 16
600 ## - SUBJECT ADDED ENTRY--PERSONAL NAME
Personal name रा. रा. भागवत
630 ## - SUBJECT ADDED ENTRY--UNIFORM TITLE
Uniform title शिवछत्रपतींच्या चरित्रातील मुद्दे
700 ## - ADDED ENTRY--PERSONAL NAME
Personal name रा. रा. भागवत
730 ## - ADDED ENTRY--UNIFORM TITLE
Uniform title शिवछत्रपतींच्या चरित्रातील मुद्दे
942 ## - ADDED ENTRY ELEMENTS (KOHA)
Koha item type Book
Holdings
Withdrawn status Lost status Damaged status Not for loan Home library Current library Date acquired Cost, normal purchase price Total Checkouts Full call number Barcode Date last seen Cost, replacement price Price effective from Koha item type
        R.B. Anant Shivaji Desai Vachanalaya and Granthalaya, Kudal R.B. Anant Shivaji Desai Vachanalaya and Granthalaya, Kudal 12/25/1959 8.50   RBASDV826 RBASDV826 10/18/2015 8.50 10/18/2015 Book